| 000 | 01025nas a2200241 454500 | ||
|---|---|---|---|
| 001 | 14388 | ||
| 005 | 20260407193505.0 | ||
| 008 | 260407s2008####ag###########|||spa#d | ||
| 003 | AR-UNSa-BCEJYS | ||
| 040 |
_aAR-UNSa-BCEJYS _bspa _cAR-UNSa-BCEJYS |
||
| 080 |
_a657 _xContabilidad |
||
| 245 | 1 | 0 | _aDocumentos de trabajo de contabilidad social |
| 022 | _a1851-9296 | ||
| 264 | 1 |
_aBuenos Aires : _bUniversidad de Buenos Aires. Facultad de Ciencias Económicas _c2008 |
|
| 310 | _aFrecuencia: Cambia de Director a partir del Año 4, Nº 2 por Luisa Fronti de García | ||
| 942 | _cSER | ||
| 590 | _aniveau_biblio:s niveau_hierar:1 | ||
| 100 | 1 | _aGarcía Fronti, Inés M. | |
| 700 | 1 | _aUniversidad de Buenos Aires. Facultad de Ciencias Económicas. Centro de Investigación en Contabilidad Social | |
| 650 | _aCONTABILIDAD | ||
| 650 | _aResponsabilidad Social Empresaria | ||
| 856 | 4 | 1 |
_uhttps://biblioeco.unsa.edu.ar/pmb/images/revistas/Documentos de Trabajo de Contabilidad Social a?o 4 n?2.jpg _yImagen de portada _qimage/jpeg |
| 999 |
_c8467 _d8467 |
||